Historia gráfica de la revolución 1900-1940 (Record no. 3640)
[ view plain ]
| 000 -CABECERA | |
|---|---|
| campo de control de longitud fija | 01311nam a2200241 a 4500 |
| 001 - NÚMERO DE CONTROL | |
| campo de control | BRCA_3913 |
| 005 - FECHA Y HORA DE LA ÚLTIMA TRANSACCIÓN | |
| campo de control | 20190320204455.0 |
| 008 - DATOS DE LONGITUD FIJA--INFORMACIÓN GENERAL | |
| campo de control de longitud fija | 120110s1946----mx-a######---#000-0#spa-# |
| 041 ## - CÓDIGO DE LENGUA | |
| Código de lengua del texto/banda sonora o título independiente | spa |
| 044 ## - CÓDIGO DEL PAÍS DE LA ENTIDAD EDITORA/PRODUCTORA | |
| Código MARC del país | mx |
| 050 #4 - SIGNATURA TOPOGRÁFICA DE LA BIBLIOTECA DEL CONGRESO | |
| Número de clasificación | F1234 |
| Número de documento/Ítem | .C37 1946? |
| 100 1# - ENTRADA PRINCIPAL--NOMBRE DE PERSONA | |
| Nombre de persona | Casasola, Agustín Víctor |
| Fechas asociadas al nombre | 1874-1932 |
| 9 (RLIN) | 10169 |
| 245 10 - MENCIÓN DE TÍTULO | |
| Título | Historia gráfica de la revolución 1900-1940 |
| Resto del título | durante las épocas de: Porfirio Díaz, Francisco León de la Barra, Francisco I. Madero, Victoriano Huerta, Francisco Carbajal, Constitucionalista, La Convención, Venustiano Carranza, Adolfo de la Huerta, Alvaro Obregón, Plutarco Elías Calles, Emilio Portes Gil, Pascual Ortiz Rubio, Abelardo L. Rodríguez, Lázaro Cárdenas, Manuel Avila Camacho. |
| Mención de responsabilidad, etc. | recopilación y fotografías por Agustín V. Casasola ; dirigió y terminó Gustavo Casasola. |
| 260 ## - PUBLICACIÓN, DISTRIBUCIÓN, ETC. | |
| Lugar de publicación, distribución, etc. | México |
| Nombre del editor, distribuidor, etc. | Archivo Casasola |
| Fecha de publicación, distribución, etc. | [1946] |
| 300 ## - DESCRIPCIÓN FÍSICA | |
| Extensión | 15 cuadernos en 3 v. |
| Otras características físicas | il., retratos |
| Dimensiones | 28 cm. |
| 500 ## - NOTA GENERAL | |
| Nota general | En el cuaderno 1 incluye dedicatoria a Franz Mayer ´Para el señor Franz Mayer dedico este libro con todo cariño y estimación. Miguel Casasola. México febrero 25/46´ |
| 500 ## - NOTA GENERAL | |
| Nota general | C62 |
| 650 14 - PUNTO DE ACCESO ADICIONAL DE MATERIA--TÉRMINO DE MATERIA | |
| Término de materia o nombre geográfico como elemento de entrada | Historia |
| Subdivisión cronológica | 1867-1910 |
| 9 (RLIN) | 10080 |
| 651 #4 - PUNTO DE ACCESO ADICIONAL DE MATERIA--NOMBRE GEOGRÁFICO | |
| Nombre geográfico | México |
| Subdivisión general | Historia |
| Subdivisión cronológica | Revolución, 1910-1917 |
| 9 (RLIN) | 10170 |
| 700 1# - PUNTO DE ACCESO ADICIONAL--NOMBRE DE PERSONA | |
| Nombre de persona | Casasola, Gustavo |
| 9 (RLIN) | 10171 |
| 902 ## - CATALOGADOR | |
| Iniciales | GFM |
| 942 ## - ELEMENTOS DE PUNTO DE ACCESO ADICIONAL (KOHA) | |
| Fuente del sistema de clasificación o colocación | Library of Congress Classification |
| Tipo de ítem Koha | Libros |
| Estado de retiro | Estado de pérdida | Estado dañado | No para préstamo | Localización permanente | Ubicación/localización actual | Fecha de adquisición | Número de inventario | Total de préstamos | Signatura topográfica completa | Código de barras | Fecha visto por última vez | Precio válido a partir de | Tipo de ítem Koha |
|---|---|---|---|---|---|---|---|---|---|---|---|---|---|
| El ejemplar forma parte de la colección y puede ser consultado según las políticas vigentes. | Biblioteca del Museo Franz Mayer (Rogerio Casas-Alatriste) | Biblioteca del Museo Franz Mayer (Rogerio Casas-Alatriste) | 09/01/2010 | C62 | F1234 .C37 1946? (C62) | 3910 | 22/03/2019 | 22/03/2019 | Libros |